| 000 | 00439nam a2200169Ia 4500 | ||
|---|---|---|---|
| 008 | 210210b1989 xxu||||| |||| 00| 0 eng d | ||
| 020 | _a81 85366 11 4 | ||
| 082 | _a796.03 JAIS | ||
| 100 | _aJAITLEY (S), Ed. | ||
| 245 | _aSports dictionary. V1. Rev. Ed.2 | ||
| 260 |
_aDelhi _bServices publishing house _c1989 |
||
| 300 | _a308 | ||
| 440 | _a1 | ||
| 650 | _aSports dictionary | ||
| 690 | _aAthletic & Outdoor Sports | ||
| 906 | _a043786 | ||
| 999 |
_c93539 _d93539 |
||